000 01167cam a2200289Mi 4500
999 _c1564
_d1564
001 .b23466509
003 OSt
005 20230112112026.0
008 171113r20081990enka g 000 1 eng d
020 _a9781406313390
_q(pbk.) :
040 _aNLGGC
_bdut
_efobidrtb
_cNLGGC
_dOCLCO
_dOCLCF
_dOCLCQ
_dOCL
_dOCLCO
_dFCU
_dKH8
041 0 _aeng
042 _anbic
044 _axxk
_benk
082 0 _a823.914 BRO
100 1 _aBrowne, Anthony.
_eauthor
245 1 0 _aChanges /
_cby Anthony Browne.
260 _aLondon, England :
_bWalker Books,
_c2008.
300 _a1 v. :
_bchiefly color ill. ;
_c30 cm.
500 _aOriginally published: London: Julia MacRae, 1990.
520 _aAs he waits at home for his parents to return, a young boy ponders his father's remark "Things are going to change around here" and begins to imagine all kinds of changes in the world around him. A sophisticated picture book. Suggested level: junior, primary.
650 0 _aBrothers and sisters
_vPictorial works
_vJuvenile fiction.
650 0 _aChildren's stories.
650 0 _aImagination
_vFiction.
655 7 _aChildren's stories
_vPictorial works.
_2gsafd.
942 _2ddc
_cNFIC